| 000 | 00978nam a2200205 i 4500 | ||
|---|---|---|---|
| 001 | BPP | ||
| 003 | BPK | ||
| 005 | 20171115132330.0 | ||
| 008 | 140610s1979 pl f |000 0 pol | ||
| 040 | _cBPK | ||
| 080 | _a666.3/.7 | ||
| 100 |
_aSTERMA, Franciszek. _d1978 - 1996. _bWyższa Szkoła Inżynierska w Koszalinie - Instytut Inżynierii Materiałowej, _cZakład Chemii Fizycznej |
||
| 245 |
_aCeramika obrabialna mechanicznie do zastosowań próżniowych i technologia lutowania jej z metalami. _nEtap 1, _pRozpoznanie literaturowe i techniczne / _cFranciszek Sterma. |
||
| 260 |
_aKoszalin, _c1979. |
||
| 500 | _aDane z autopsji. | ||
| 520 | _aPrzeprowadzono literaturową i techniczną analizę tworzyw do zastosowań w urządzeniach próżniowych przy uwzględnieniu wymagań technicznych stawianych przez zleceniodawcę i wstępnie wytypowano materiały do dalszych badań w drugim etapie. | ||
| 650 | 0 | _aCeramika. | |
| 650 | 0 | _aLutowanie. | |
| 942 |
_cMN _2UKD |
||
| 999 |
_c2105 _d2105 |
||